Deutsche Fußball Mannschaften nach Logo - Statistiken

Allgemein
  • Dieses Quiz wurde 682 mal gespielt
  • Das Durchschnittsergebnis liegt bei 14 aus 15
Antwortstatistiken
Bildquiz Antwort % Korrekt
Eintracht Frankfurt
99%
VfL Wolfsburg
99%
Hamburger SV
96%
VfB Stuttgart
96%
FSV Mainz 05
95%
Hannover 96
95%
SV Werder Bremen
94%
Borussia Mönchengladbach
93%
Fortuna Düsseldorf
91%
1.FC Saarbrücken
90%
Arminia Bielefeld
89%
Karlsruher SC
86%
SV Elversberg
86%
Preußen Münster
84%
Hallescher FC
76%
Keine übereinstimmenden Quizze gefunden
Verteilung der Resultate
Anzahl Personen mit jedem Resultat
Perzentil nach korrekt beantworteten Fragen
Ihre Resultats-Entwicklung
Sie haben dieses Quiz noch nicht gespielt